000 00259nam a2200097Ia 4500
001 653729
005 20250826154504.0
008 250824s9999 xx 000 0 und d
245 0 _a BALONLU SAKIZ AĞACI
_cALEXANDER MCALL SMİTH
260 _bGÜNIŞIĞI YAYINLARI
999 _c653729
_d653729